Report Of The Committee On The Request By The Government Of The Republic Of Ghana For Approval Of The 2020 International Capital Market (ICM) Funding Programme For An Amount Up To Three Billion United States Dollars ($3,000,000,000.00) To Finance Growth Oriented Expenditures In The 2020 Budget Including Restructuring The Energy Sector And To Conduct Liability Management Of Refinancing The 2023, 2026 And 2030 Eurobonds And Other Domestic Debt Securities (Record no. 5248)

MARC details
000 -LEADER
fixed length control field 00909nam a22001697a 4500
003 - CONTROL NUMBER IDENTIFIER
control field OSt
005 - DATE AND TIME OF LATEST TRANSACTION
control field 20250620104358.0
008 - FIXED-LENGTH DATA ELEMENTS--GENERAL INFORMATION
fixed length control field 250620b |||||||| |||| 00| 0 eng d
041 ## - LANGUAGE CODE
Language code of text/sound track or separate title English
082 ## - DEWEY DECIMAL CLASSIFICATION NUMBER
Classification number Acc. No. 10719 CR/ICM/19
110 ## - MAIN ENTRY--CORPORATE NAME
Corporate name or jurisdiction name as entry element Finance Committee
245 ## - TITLE STATEMENT
Title Report Of The Committee On The Request By The Government Of The Republic Of Ghana For Approval Of The 2020 International Capital Market (ICM) Funding Programme For An Amount Up To Three Billion United States Dollars ($3,000,000,000.00) To Finance Growth Oriented Expenditures In The 2020 Budget Including Restructuring The Energy Sector And To Conduct Liability Management Of Refinancing The 2023, 2026 And 2030 Eurobonds And Other Domestic Debt Securities
260 ## - PUBLICATION, DISTRIBUTION, ETC.
Place of publication, distribution, etc. Accra
Name of publisher, distributor, etc. Parliament Of Ghana
Date of publication, distribution, etc. 2019
300 ## - PHYSICAL DESCRIPTION
Extent 6P
650 ## - SUBJECT ADDED ENTRY--TOPICAL TERM
Source of heading or term Approval Of The 2020 International Capital Market (ICM) Funding Programme
942 ## - ADDED ENTRY ELEMENTS (KOHA)
Source of classification or shelving scheme Dewey Decimal Classification
Koha item type Committee Reports
Suppress in OPAC No
Holdings
Withdrawn status Lost status Source of classification or shelving scheme Damaged status Not for loan Home library Current library Shelving location Date acquired Total checkouts Full call number Date last seen Copy number Price effective from Koha item type
    Dewey Decimal Classification     Main Library Main Library Open Shelves 20/06/2025   Acc. No. 10719 CR/ICM/19 20/06/2025 1 20/06/2025 Committee Reports
    Dewey Decimal Classification     Main Library Main Library Open Shelves 20/06/2025   Acc. No. 10720 CR/ICM/19 20/06/2025 2 20/06/2025 Committee Reports
©2026  Parliament of Ghana Library - All rights reserved